All Andrey Rublev Title Opponents - Statistics

General Stats
  • This quiz has been taken 25 times
  • The average score is 9 of 17
Answer Stats
Year Tournament Category Answer % Correct
2022 Belgrade ATP 250 Novak Djokovic
93%
2023 Monte Carlo Masters 1000 Holger Rune
86%
2025 Doha ATP 500 Jack Draper
86%
2023 Båstad ATP 250 Casper Ruud
79%
2022 Marseille ATP 250 Félix Auger-Aliassime
79%
2024 Madrid Masters 1000 Félix Auger-Aliassime
79%
2020 Hamburg ATP 500 Stefanos Tsitsipas
79%
2020 Vienna ATP 500 Lorenzo Sonego
50%
2020 Doha ATP 250 Corentin Moutet
43%
2021 Rotterdam ATP 500 Márton Fucsovics
43%
2022 Gijón ATP 250 Sebastian Korda
43%
2020 St. Petersburg ATP 500 Borna Ćorić
36%
2024 Hong Kong ATP 250 Emil Ruusuvuori
29%
2022 Dubai ATP 500 Jiří Veselý
29%
2020 Adelaide ATP 250 Lloyd Harris
21%
2017 Umag ATP 250 Paolo Lorenzi
14%
2019 Moscow ATP 250 Adrian Mannarino
7%
No matching quizzes found
Score Distribution
Percent of People with Each Score
Percentile by Number Answered
Your Score History
You have not taken this quiz